00486nam a2200193 a 4500001001300000003000900013005001700022008004100039020001000080082001700090100002700107245002000134260002400154300000900178500003500187505001700222650002600239700002700265nice12345678IN_TiNIC20260116011814.0050524s1942 laha grp 000 0 per  ac10000a891.51bIQB1 aIqbal, Shaikh Mohammad aPayam-E-Mashriq aLahorebN. P.c1942 a264p aincludes index and biblioraphy2 abibliography aIqbal Muhammad-Poetry1 aIqbal, Shaikh Mohammad